El primer navegante (Record no. 154292)

MARC details
000 -LEADER
campo de control de longitud fija 01266nam a2200253 i 4500
001 - NÚMERO DE CONTROL
campo de control 154292
003 - IDENTIFICADOR DE NÚMERO DE CONTROL
campo de control ES-MaACL
005 - FECHA Y HORA DE LA ÚLTIMA TRANSACCIÓN
campo de control 20250812113355.0
008 - DATOS DE LONGITUD FIJA--INFORMACIÓN GENERAL
campo de control de longitud fija 931025s1796 sp af |||| | spa d
100 0# - ENTRADA PRINCIPAL--NOMBRE DE PERSONA
Nombre de persona Gessner, Salomon.
9 (RLIN) 56526
245 13 - MENCIÓN DEL TÍTULO
Título El primer navegante
Resto del título : poema en dos cantos /
Mención de responsabilidad, etc. de Gesner.
260 ## - PUBLICACIÓN, DISTRIBUCIÓN, ETC.
Lugar de publicación, distribución, etc. En Madrid :
Nombre del editor, distribuidor, etc. en la imprenta de Sancha,
Fecha de publicación, distribución, etc. 1796.
300 ## - DESCRIPCIÓN FÍSICA
Extensión 70 p., [2] h. de grab. ;
Dimensiones 8º (15 cm)
594 ## - Nota al título y mención de responsabilidad
Nota al título y mención de responsabilidad Según Palau, 101664 el traductor es M.A. Rodríguez Fernández.
596 ## - NOTA AL PIE DE IMPRENTA
NOTA AL PIE DE IMPRENTA Marca de imp. en port.
597 ## - NOTA DE DESCRIPCIÓN FÍSICA
NOTA DE DESCRIPCIÓN FÍSICA Sign.: A-D8, E3.
599 ## - NOTA A LAS ILUSTRACIONES
NOTA A LAS ILUSTRACIONES Las láminas son grabados calcográficos que ilustran los cantos: "Pr. Navegante Cto. I. M.R. fc." y "Pr. Navegante Cto. II. fonseca fc."
650 #4 - PUNTO DE ACCESO ADICIONAL DE MATERIA--TÉRMINO DE MATERIA
Término de materia o nombre geográfico como elemento de entrada Poesía pastoril alemana.
9 (RLIN) 136732
700 1# - ENTRADA AGREGADA--NOMBRE PERSONAL
Nombre de persona Rodríguez Fernández, Manuel Antonio.
9 (RLIN) 155036
700 1# - ENTRADA AGREGADA--NOMBRE PERSONAL
Nombre de persona Fonseca, José,
Fechas asociadas al nombre fl. 1791-1807
9 (RLIN) 145844
852 ## - LOCALIZACIÓN
Ubicación ES-MaACL
Número de control de estantería R-1251(1)
Nota libre -- Enc. pasta española
-- -- Ex-libris ms. de Gustavo Saenz Diez, 1877
Encuadernación -- Olim: G-10578
-- -- Edic.: 70, [2] p. -- En pag. [1] consta: "Se hallará, con el monólogo lírico, intitulado Hero y Leandro, en la librería de Quiroga ..."
-- Olim: G-10578
Holdings
Estatus retirado Estado de pérdida Estado de daño No para préstamo Colección Biblioteca de origen Biblioteca actual Ubicación en estantería Fecha de adquisición Fuente de adquisición Total de préstamos Signatura topográfica completa Código de barras Visto por última vez Precio de reemplazo Tipo de ítem Koha
        Libros del s. XVIII Biblioteca del Ateneo de Madrid Biblioteca del Ateneo de Madrid Depósito 17/01/2008     R-1251(1) 1161343 23/02/2023 23/02/2023 Libro impreso antiguo